| 000 | 01777nam a22005057a 4500 | ||
|---|---|---|---|
| 003 | OSt | ||
| 005 | 20230327110533.0 | ||
| 008 | 221006b |||||||| |||| 00| 0 eng d | ||
| 040 | _cBiblioteca Lado V | ||
| 082 |
_a701.1 _bS744a |
||
| 100 |
_9795 _aSrendni de Birbragher, Celia _eeditora _edirectora |
||
| 245 | _aArtNexus/ | ||
| 260 |
_bAsociación de Revistas Culturales _c2008 _aU.S.A. _aColombia |
||
| 300 |
_c21x28cm _a200p. |
||
| 366 | _espa | ||
| 490 |
_a68 _v7 _vMarzo-Mayo _x0120 713 X |
||
| 505 | _tMagdalena Fernandez | ||
| 505 |
_tDoris Salcedo _aFourth Edition |
||
| 505 | _tAntonio Manuel | ||
| 505 | _tShots of the city | ||
| 505 |
_tFrancisca Sutil _aMaster of Color |
||
| 505 | _tOn Video in Argentina | ||
| 505 |
_tJose Angel Vincench _aRelief or disturbance? |
||
| 505 | _tCommunicating Worlds | ||
| 505 | _tSotheby's Christie's | ||
| 505 | _t=Desto | ||
| 505 | _tMiguel Angel Rojas | ||
| 505 | _tCronicas | ||
| 505 | _tExposiciones colectivas | ||
| 505 | _tReseñas de Libros | ||
| 505 | _tGuía de galerías y museos | ||
| 505 | _tLibros y Catalogos | ||
| 505 | _tLibros para la venta | ||
| 650 |
_2Tesauro de Arte & Arquitectura _aARTE _9703 |
||
| 650 |
_2Tesauro de Arte & Arquitectura _aEXPOSICIONES |
||
| 650 |
_2Tesauro de Arte & Arquitectura _aESCULTURA |
||
| 650 |
_2Tesauro de Arte & Arquitectura _aBIENAL |
||
| 650 |
_2Tesauro de Arte & Arquitectura _aAPRECIACION |
||
| 650 |
_2Tesauro de Arte & Arquitectura _aTEORIA |
||
| 650 |
_2Tesauro de Arte & Arquitectura _aCRITICA |
||
| 650 |
_2Tesauro de Arte & Arquitectura _aFOTOGRAFIA _9702 |
||
| 650 |
_2Tesauro de Arte & Arquitectura _aLITERATURA |
||
| 651 |
_2Tesauro de Arte & Arquitectura _aCOLOMBIA |
||
| 942 |
_2ddc _c1 _h701.1 _iS744a _n0 |
||
| 999 |
_c3302 _d3302 |
||